Manual de mantención industrial: organización, ingeniería mecánica, eléctrica, química, civil, procesos y sistemas

Guardat en:
Dades bibliogràfiques
Autor principal: Morrow, Lester Coridon (autor)
Format: Llibre
Idioma:espanyol
Publicat: Ciudad de México Continental 1973
Matèries:
Etiquetes: Afegir etiqueta
Sense etiquetes, Sigues el primer a etiquetar aquest registre!

MARC

LEADER 00000nam a2200000 a 4500
001 UCP1133
003 CL-VaPUC
008 990326e19730000MX |||||||||||||||||spa|d
082 0 4 |a 658.202  |b MOR  |2 21 
100 |a Morrow, Lester Coridon  |e autor  |9 426971 
245 1 0 |a Manual de mantención industrial: organización, ingeniería mecánica, eléctrica, química, civil, procesos y sistemas 
300 |a 3 v 
942 |c BK 
945 |d 19990326 00:00:00  |a lriquelm 
260 |a Ciudad de México  |b Continental  |c 1973 
650 7 |a MANTENIMIENTO DE PLANTAS INDUSTRIALES  |2 CL-VaPUC  |9 261665 
650 7 |a MANTENCION INDUSTRIAL  |2 CL-VaPUC  |9 426972 
650 0 |a Equipo eléctrico  |9 345678 
650 7 |a EQUIPO MECANICO  |2 CL-VaPUC  |9 426973 
650 7 |a EQUIPO DE SERVICIO  |2 CL-VaPUC  |9 426974 
583 |a last modification  |c 19990326 00:00:00  |k Rodrigo Vera 
999 |c 279845  |d 279843